000 00706nam a2200229Ia 4500
003 OSt
005 20220926012055.0
006 a|||||r|||| 00| 0
007 ta
008 220923b |||||||| |||| 00| 0 eng d
037 _cGeneral Book
040 _aRTL
_cRTL
_beng
041 _2eng
_aeng
082 _aX423.3.N6, K7
100 _aDuckham Baron F
_9315472
245 0 _aYorkshire ouse
_bThe history of a river navigation
260 _aNew York
_bAugustus M. Kelley U SA
_c1967
300 _a226p. Appendix p. 205-13,Glossary p. 211-13
_ccm.
650 _aRiver Transport Economics
_9236372
942 _hX423.3.N6, K7
_cGB
_2CC
999 _c621640
_d621640